书目信息 |
| 题名: |
中国农业地理
|
|
| 作者: | 程潞 , 陆心贤 编著 | |
| 分册: | ||
| 出版信息: | 北京 农业出版社 1984 |
|
| 页数: | 116页 | |
| 开本: | 19cm | |
| 丛书名: | ||
| 单 册: | ||
| 中图分类: | F329.9 | |
| 科图分类: | ||
| 主题词: | 农业地理--中国 | |
| 电子资源: | ||
| ISBN: | ||
| 000 | 00716nam0 2200265 45 | |
| 001 | 0184014186 | |
| 005 | 20040429102816.4 | |
| 010 | @dCNY0.42 | |
| 091 | @a16144.270 | |
| 100 | @a19950613d1984 em y0chiy0121 ea | |
| 101 | 0 | @achi |
| 102 | @aCN@b110000 | |
| 105 | @ay z 000yy | |
| 106 | @ar | |
| 200 | 10 | @a中国农业地理@Azhong guo nong ye di li@f程潞, 陆心贤编著 |
| 210 | @a北京@c农业出版社@d1984 | |
| 215 | @a116页@d19cm | |
| 300 | @a农业生产技术基本知识 | |
| 606 | @a农业地理@y中国 | |
| 690 | @aF329.9@v3 | |
| 701 | 0 | @a程潞@Acheng lu@4编著 |
| 701 | 0 | @a陆心贤@Alu xin xian@4编著 |
| 801 | 0 | @aCN@b上海图书馆@c20040429 |
| 801 | 2 | @aCN@bNLC@c20040429 |
| 905 | @f2@b130461-462@dF329.9@e11@b138277@f1 | |
| 中国农业地理/程潞, 陆心贤编著.-北京:农业出版社,1984 |
| 116页;19cm |
| 农业生产技术基本知识 |
| ISBN :CNY0.42 |
| ● |
| 相关链接 |
|
|
|
|
正题名:中国农业地理
索取号:F329.9/11
 
预约/预借
| 序号 | 登录号 | 条形码 | 馆藏地/架位号 | 状态 | 备注 |
| 1 | 0130461 | 000212503 | 第一借阅区/ [索取号:F329.9/11] | 在馆 | |
| 2 | 0130462 | 000211782 | 密集书库/ [索取号:F329.9/11] | 在馆 | |
| 3 | 0130483 | 000212549 | 第一样本阅览室/ [索取号:F329.9/11] | 在馆 |